Suomen 20 väkirikkainta kuntaa - Äkkikuolema - Statistics

Yleistilastot
  • Tätä visaa on pelattu 7 790 kertaa
  • Keskiarvotulos 11 / 20
Answers on the Grid
Answers color-coded by a green-red scale on the quiz's grid according to % correct below.
Helsinki
Espoo
Tampere
Vantaa
Oulu
Turku
Jyväskylä
Kuopio
Lahti
Pori
Joensuu
Kouvola
Lappeenranta
Vaasa
Hämeenlinna
Seinäjoki
Rovaniemi
Mikkeli
Porvoo
Salo
Lohja
Rauma
Kerava
Kajaani
Savonlinna
Riihimäki
Imatra
Raahe
Sastamala
Tornio
Iisalmi
Varkaus
Pietarsaari
Kemi
Jämsä
Nokia
Kirkkonummi
Forssa
Akaa
Kokkola
Uusikaupunki
Kuusamo
Loviisa
Maarianhamina
 
Vastaustilastot
Vastaus % Oikein
Helsinki
79%
Tampere
76%
Espoo
75%
Turku
75%
Oulu
74%
Jyväskylä
71%
Vantaa
70%
Kuopio
65%
Lahti
63%
Joensuu
53%
Vaasa
53%
Hämeenlinna
51%
Pori
51%
Rovaniemi
51%
Lappeenranta
48%
Seinäjoki
45%
Kouvola
42%
Mikkeli
35%
Porvoo
27%
Salo
19%
Ehtoja vastaavia visoja ei löytynyt
Tulosjakauma
Jokaisen tuloksen saaneiden osuus
Persentiili vastausten määrän mukaan
Tuloshistoriasi
Et ole pelannut tätä visaa